| 000 | 01058cam a2200289I 4500 | ||
|---|---|---|---|
| 001 | 85168 | ||
| 003 | GBCCL | ||
| 005 | 20241126110340.0 | ||
| 008 | 800625s1965 ilu 000 0 eng | ||
| 010 | _a 65004360 | ||
| 035 | _a(OCoLC)06458794 | ||
| 040 |
_aDLC _cCCT _dOCL |
||
| 049 | _aLBBK | ||
| 050 |
_aBS1560.A3 _bT3 |
||
| 082 |
_a224.9 _bTAY |
||
| 090 |
_aBS1560.A3 _bT3 |
||
| 100 |
_9368 _aTaylor, Kenneth Nathaniel. |
||
| 130 | 0 |
_aBible. _pO.T. _pMinor Prophets. _lEnglish. _kParaphrases. _f1965. _sTaylor. |
|
| 245 | 1 | 0 |
_aLiving prophecies; _bthe Minor prophets paraphrased with Daniel and the Revelation. |
| 260 |
_a[Wheaton, Ill., _bTyndale House, _c1965] |
||
| 300 |
_a232 p. _c18 cm. |
||
| 500 | _aPrepared by Kenneth N. Taylor with the assistance of Harry Hoffner, Berkeley Mickelsen, and Warren Harbeck. Cf. Dust jacket. | ||
| 700 | 1 | _aTaylor, Kenneth Nathaniel. | |
| 730 | 0 |
_aBible. _pO.T. _pDaniel. _lEnglish. _kParaphrases. _f1965. _sTaylor. |
|
| 730 | 0 |
_aBible. _pN.T. _pRevelation. _lEnglish. _kParaphrases. _f1965. _sTaylor. |
|
| 942 |
_2ddc _cBK _015 |
||
| 999 |
_c544 _d544 |
||